Nyonya flavours : Acomplete guide to Penang starits Chinese cuisine

Bibliographic Details
Main Author: Julie Wong
Format: Book
Subjects:

MARC

LEADER 00000cam a2200000 7i4500
001 0000015321
005 20050803.0
020 |a 983951217X 
040 |a INS 
090 0 0 |a TX724.5   |b N812 
100 1 |a Julie Wong 
245 0 0 |a Nyonya flavours :   |b Acomplete guide to Penang starits Chinese cuisine 
300 |b 224p. ;   |c 28cm. 
650 0 0 |a Cookery   |x Peranakan 
999 |a 0000015079   |b BOOK   |c Open Shelf   |e Default branch